{"text_format":"3","workbook":"xlsx","n_sheets":1,"sheets":["Výkaz výmer"],"not_rendered":{"defined_names":1},"read":"whole","date_system":"1900"}

{"sheet":"Výkaz výmer","index":0,"n_rows":52,"n_cols":34,"rows_kept":52,"merged":[[0,0,0,6],[1,2,1,6],[2,2,2,6],[3,0,3,1],[3,2,3,6],[4,0,4,1],[4,2,4,6],[5,0,5,1],[5,2,5,6],[24,2,24,6],[27,2,27,6],[49,0,49,6],[50,1,50,5],[51,1,51,5]]}
["Položkový rozpočet                                  Príloha č.1",{"$nulls":31},"#TypZaznamu#"]
["Stavba:",null,"\"Pohybom k radosti detí\" - umiestnenie DHP a realizácia dopadových plôch k DHP na parcele KN-C 278/11, k.ú. Pečovská Nová Ves",{"$nulls":29},"STA"]
["Objednávateľ:",null,"Obec Pečovská Nová Ves",{"$nulls":25},"STA",{"$nulls":3},"OBJ"]
["Projektant:",null,"STAV-PET Lipany",{"$nulls":29},"ROZ"]
["Spracoval:",null,"Michal Petrík"]
["Zhotoviteľ:"]
[]
["P.č.","Číslo položky","Názov položky","MJ","Množstvo","cena / MJ","Celkom","Dodávka","Dodávka celk.","Montáž","Montáž celk.","DPH","cena s DPH","hmotnost / MJ","hmotnost celk.(t)","dem. hmotnost / MJ","dem. hmotnost celk.(t)","Ceník","Cen. soustava / platnost","Cenová úroveň","Nhod / MJ","Nhod celk.","Dodavatel"]
[]
["Díl:","1","Zemné práce",{"$nulls":3},{"$f":"SUMIF(AG11:AG16,\"<>NOR\",G11:G16)","v":{"v":0,"d":"0.00"}},null,{"$f":"SUM(I11:I16)","v":{"v":0,"d":"0.00"}},null,{"$f":"SUM(K11:K16)","v":{"v":195.35999999999999,"d":"195.36"}},null,{"$f":"SUM(M11:M16)","v":{"v":0,"d":"0.00"}},null,{"$f":"SUM(O11:O16)","v":{"v":0,"d":"0.00"}},null,{"$f":"SUM(Q11:Q16)","v":{"v":0,"d":"0.00"}},{"$nulls":4},{"$f":"SUM(V11:V16)","v":{"v":3.1,"d":"3.10"}},{"$nulls":10},"DIL"]
[1,"122201101S00","Odkopávky a prekopávky nezapaž. v horn. tr. 3 do 1 00 m3","m3",{"v":14.52,"d":"14.52000"},{"v":0,"d":"0.00"},{"$f":"ROUND(E11*F11,2)","v":{"v":0,"d":"0.00"}},{"v":0,"d":"0.00"},{"$f":"ROUND(E11*H11,2)","v":{"v":0,"d":"0.00"}},5.88,{"$f":"ROUND(E11*J11,2)","v":85.38},{"v":20,"d":"20.00"},{"$f":"G11*(1+L11/100)","v":{"v":0,"d":"0.00"}},{"v":0,"d":"0.00"},{"$f":"ROUND(E11*N11,2)","v":{"v":0,"d":"0.00"}},{"v":0,"d":"0.00"},{"$f":"ROUND(E11*P11,2)","v":{"v":0,"d":"0.00"}},null,"ODIS","Kalkul",{"v":0.1664,"d":"0.17"},{"$f":"ROUND(E11*U11,2)","v":2.42},{"$nulls":10},"POL1_"]
[null,null,"Vežová zostava : (8,93x5,42)*0,3",{"$nulls":29},"VV",0]
[3,"131201109S00","Príplatok za lepivosť v horn. tr. 3","m3",{"v":14.52,"d":"14.52000"},{"v":0,"d":"0.00"},{"$f":"ROUND(E13*F13,2)","v":{"v":0,"d":"0.00"}},{"v":0,"d":"0.00"},{"$f":"ROUND(E13*H13,2)","v":{"v":0,"d":"0.00"}},0.73,{"$f":"ROUND(E13*J13,2)","v":{"v":10.6,"d":"10.60"}},{"v":20,"d":"20.00"},{"$f":"G13*(1+L13/100)","v":{"v":0,"d":"0.00"}},{"v":0,"d":"0.00"},{"$f":"ROUND(E13*N13,2)","v":{"v":0,"d":"0.00"}},{"v":0,"d":"0.00"},{"$f":"ROUND(E13*P13,2)","v":{"v":0,"d":"0.00"}},null,"ODIS","ODIS 14/3",0.04,{"$f":"ROUND(E13*U13,2)","v":0.58},{"$nulls":10},"POL1_"]
[4,"17120120900S00","Poplatok za skladovanie - zemina a kamenivo (17 05) ostatné","t",{"v":14.52,"d":"14.52000"},{"v":0,"d":"0.00"},{"$f":"ROUND(E14*F14,2)","v":{"v":0,"d":"0.00"}},{"v":0,"d":"0.00"},{"$f":"ROUND(E14*H14,2)","v":{"v":0,"d":"0.00"}},{"v":6.5,"d":"6.50"},{"$f":"ROUND(E14*J14,2)","v":94.38},{"v":20,"d":"20.00"},{"$f":"G14*(1+L14/100)","v":{"v":0,"d":"0.00"}},{"v":0,"d":"0.00"},{"$f":"ROUND(E14*N14,2)","v":{"v":0,"d":"0.00"}},{"v":0,"d":"0.00"},{"$f":"ROUND(E14*P14,2)","v":{"v":0,"d":"0.00"}},null,"Vlastní","Indiv",{"v":0,"d":"0.00"},{"$f":"ROUND(E14*U14,2)","v":{"v":0,"d":"0.00"}},{"$nulls":10},"POL1_"]
[null,null,"Vežová zostava : (8,93x5,42)*0,3",null,20.54565,{"$nulls":27},"VV",0]
[5,"215901101S00","Zhutnenie podložia z hor. súdr. do 92%PS a nesúdr. Id do 0,8, Edf1=min. 15Mpa","m2",{"v":20,"d":"20.00000"},{"v":0,"d":"0.00"},{"$f":"ROUND(E16*F16,2)","v":{"v":0,"d":"0.00"}},{"v":0,"d":"0.00"},{"$f":"ROUND(E16*H16,2)","v":{"v":0,"d":"0.00"}},0.25,{"$f":"ROUND(E16*J16,2)","v":{"v":5,"d":"5.00"}},{"v":20,"d":"20.00"},{"$f":"G16*(1+L16/100)","v":{"v":0,"d":"0.00"}},{"v":0,"d":"0.00"},{"$f":"ROUND(E16*N16,2)","v":{"v":0,"d":"0.00"}},{"v":0,"d":"0.00"},{"$f":"ROUND(E16*P16,2)","v":{"v":0,"d":"0.00"}},null,"ODIS","ODIS 14/3",{"v":0.005,"d":"0.01"},{"$f":"ROUND(E16*U16,2)","v":{"v":0.1,"d":"0.10"}},{"$nulls":10},"POL1_"]
["Díl:","18","Povrchové úpravy terénu",{"$nulls":3},{"$f":"SUMIF(AG18:AG19,\"<>NOR\",G18:G19)","v":{"v":0,"d":"0.00"}},null,{"$f":"SUM(I18:I19)","v":48.87},null,{"$f":"SUM(K18:K19)","v":{"v":0,"d":"0.00"}},null,{"$f":"SUM(M18:M19)","v":{"v":0,"d":"0.00"}},null,{"$f":"SUM(O18:O19)","v":0.01},null,{"$f":"SUM(Q18:Q19)","v":{"v":0,"d":"0.00"}},{"$nulls":4},{"$f":"SUM(V18:V19)","v":{"v":0,"d":"0.00"}},{"$nulls":10},"DIL"]
[12,"693665120S","Geotextília polypropylénová TATRATEX PP 300g/m2","m2",{"v":49.368612,"d":"49.36861"},{"v":0,"d":"0.00"},{"$f":"ROUND(E18*F18,2)","v":{"v":0,"d":"0.00"}},0.99,{"$f":"ROUND(E18*H18,2)","v":48.87},{"v":0,"d":"0.00"},{"$f":"ROUND(E18*J18,2)","v":{"v":0,"d":"0.00"}},{"v":20,"d":"20.00"},{"$f":"G18*(1+L18/100)","v":{"v":0,"d":"0.00"}},{"v":0.0003,"d":"0.00"},{"$f":"ROUND(E18*N18,2)","v":0.01},{"v":0,"d":"0.00"},{"$f":"ROUND(E18*P18,2)","v":{"v":0,"d":"0.00"}},null,"ODIS","ODIS 14/3",{"v":0,"d":"0.00"},{"$f":"ROUND(E18*U18,2)","v":{"v":0,"d":"0.00"}},{"$nulls":10},"POL3_"]
[null,null,"Vežová zostava : (8,93x5,42)x1,02",null,49.368612,{"$nulls":27},"VV",0]
["Díl:","2","Základy a zvláštne zakladanie",{"$nulls":3},{"$f":"SUMIF(AG21:AG22,\"<>NOR\",G21:G22)","v":{"v":0,"d":"0.00"}},null,{"$f":"SUM(I21:I22)","v":{"v":0,"d":"0.00"}},null,{"$f":"SUM(K21:K22)","v":{"v":0,"d":"0.00"}},null,{"$f":"SUM(M21:M22)","v":{"v":0,"d":"0.00"}},null,{"$f":"SUM(O21:O22)","v":{"v":0,"d":"0.00"}},null,{"$f":"SUM(Q21:Q22)","v":{"v":0,"d":"0.00"}},{"$nulls":4},{"$f":"SUM(V21:V22)","v":{"v":0,"d":"0.00"}},{"$nulls":10},"DIL"]
[16,"273311116S00","Základové dosky z betónu prostého tr. C 16/20 ceme nt portlandský","m3",{"v":4.704,"d":"4.70400"},{"v":0,"d":"0.00"},{"$f":"ROUND(E21*F21,2)","v":{"v":0,"d":"0.00"}},{"$nulls":25},"VV",0]
[null,null,"5,6x5,6x0,15",null,4.704,{"$nulls":27},"VV",0]
["Díl:","471","Umelé povrchy",{"$nulls":3},{"v":0,"d":"0.00"},null,{"$f":"SUM(I24:I28)","v":{"v":0,"d":"0.00"}},null,{"$f":"SUM(K24:K28)","v":{"v":1276,"d":"1,276.00"}},null,{"$f":"SUM(M24:M28)","v":{"v":0,"d":"0.00"}},null,{"$f":"SUM(O24:O28)","v":2.04},null,{"$f":"SUM(Q24:Q28)","v":{"v":0,"d":"0.00"}},{"$nulls":4},{"$f":"SUM(V24:V28)","v":{"v":0,"d":"0.00"}},{"$nulls":10},"DIL"]
[15,"589312132.S01","Vrchná farebná pryžová vrstva EPDM, hr. 25mm, ručné spracovanie, farba MIX, alt. RAL 6011","m2",{"v":29,"d":"29.00000"},{"v":0,"d":"0.00"},{"v":0,"d":"0.00"},{"v":0,"d":"0.00"},{"$f":"ROUND(E24*H24,2)","v":{"v":0,"d":"0.00"}},{"v":35,"d":"35.00"},{"$f":"ROUND(E24*J24,2)","v":{"v":1015,"d":"1,015.00"}},{"v":20,"d":"20.00"},{"$f":"G24*(1+L24/100)","v":{"v":0,"d":"0.00"}},{"v":0.01505,"d":"0.02"},{"$f":"ROUND(E24*N24,2)","v":0.44},{"v":0,"d":"0.00"},{"$f":"ROUND(E24*P24,2)","v":{"v":0,"d":"0.00"}},null,"Vlastní","Indiv",{"v":0,"d":"0.00"},{"$f":"ROUND(E24*U24,2)","v":{"v":0,"d":"0.00"}},{"$nulls":10},"POL1_1"]
[null,null,"/kompletná dodávka a ručné položenie umelého polyuretanového povrchu, hr. 25mm/",{"$nulls":29},"POP"]
[null,null,"kolotoč",{"$nulls":29},"VV",0]
[16,"56999-1012.S01","Tlmiaca vrstva, ručné spracovanie, hrúbka 20mm","m2",{"v":29,"d":"29.00000"},{"v":0,"d":"0.00"},{"v":0,"d":"0.00"},{"v":0,"d":"0.00"},{"$f":"ROUND(E27*H27,2)","v":{"v":0,"d":"0.00"}},{"v":9,"d":"9.00"},{"$f":"ROUND(E27*J27,2)","v":{"v":261,"d":"261.00"}},{"v":20,"d":"20.00"},{"$f":"G27*(1+L27/100)","v":{"v":0,"d":"0.00"}},{"v":0.055,"d":"0.06"},{"$f":"ROUND(E27*N27,2)","v":{"v":1.6,"d":"1.60"}},{"v":0,"d":"0.00"},{"$f":"ROUND(E27*P27,2)","v":{"v":0,"d":"0.00"}},null,"Vlastní","Indiv",{"v":0,"d":"0.00"},{"$f":"ROUND(E27*U27,2)","v":{"v":0,"d":"0.00"}},{"$nulls":10},"POL12_1"]
[null,null,"farba čierna, hrúbka 10mm",{"$nulls":29},"POP"]
["Díl:","5","Komunikácie",{"$nulls":3},{"$f":"SUMIF(AG30:AG36,\"<>NOR\",G30:G36)","v":{"v":0,"d":"0.00"}},null,{"$f":"SUM(I30:I36)","v":569.21},null,{"$f":"SUM(K30:K36)","v":340.96},null,{"$f":"SUM(M30:M36)","v":{"v":0,"d":"0.00"}},null,{"$f":"SUM(O30:O36)","v":{"v":15.9,"d":"15.90"}},null,{"$f":"SUM(Q30:Q36)","v":{"v":0,"d":"0.00"}},{"$nulls":4},{"$f":"SUM(V30:V36)","v":12.57},{"$nulls":10},"DIL"]
[18,"564731111S00","Podklad z kameniva hrub. drveného 0-63 mm hr. 250 mm","m3",{"v":3.136,"d":"3.13600"},{"v":0,"d":"0.00"},{"$f":"ROUND(E30*F30,2)","v":{"v":0,"d":"0.00"}},6.74,{"$f":"ROUND(E30*H30,2)","v":21.14},0.24,{"$f":"ROUND(E30*J30,2)","v":0.75},{"v":20,"d":"20.00"},{"$f":"G30*(1+L30/100)","v":{"v":0,"d":"0.00"}},{"v":0.19695,"d":"0.20"},{"$f":"ROUND(E30*N30,2)","v":0.62},{"v":0,"d":"0.00"},{"$f":"ROUND(E30*P30,2)","v":{"v":0,"d":"0.00"}},null,"ODIS","Indiv",{"v":0.0236,"d":"0.02"},{"$f":"ROUND(E30*U30,2)","v":0.07},{"$nulls":10},"POL1_"]
[null,null,"kolotoč: (5,6x5,6x0,1)",null,{"v":3.136,"d":"3.13600"},0,null,null,{"$f":"ROUND(E31*H31,2)","v":{"v":0,"d":"0.00"}},null,{"$f":"ROUND(E31*J31,2)","v":{"v":0,"d":"0.00"}},null,{"$f":"G31*(1+L31/100)","v":{"v":0,"d":"0.00"}},null,{"$f":"ROUND(E31*N31,2)","v":{"v":0,"d":"0.00"}},null,{"$f":"ROUND(E31*P31,2)","v":{"v":0,"d":"0.00"}},{"$nulls":4},{"$f":"ROUND(E31*U31,2)","v":{"v":0,"d":"0.00"}}]
[19,"916561111S00","Osadenie záhon. obrubníka betón. do lôžka z betónu tr. C 12/15 s bočnou oporou","m",{"v":55.36,"d":"55.36000"},{"v":0,"d":"0.00"},{"$f":"ROUND(E32*F32,2)","v":{"v":0,"d":"0.00"}},{"v":4.8,"d":"4.80"},{"$f":"ROUND(E32*H32,2)","v":265.73},0.35,{"$f":"ROUND(E32*J32,2)","v":19.38},{"v":20,"d":"20.00"},{"$f":"G32*(1+L32/100)","v":{"v":0,"d":"0.00"}},{"v":0.10562,"d":"0.11"},{"$f":"ROUND(E32*N32,2)","v":5.85},{"v":0,"d":"0.00"},{"$f":"ROUND(E32*P32,2)","v":{"v":0,"d":"0.00"}},null,"ODIS","Indiv",{"v":0.1393,"d":"0.14"},{"$f":"ROUND(E32*U32,2)","v":7.71},{"$nulls":10},"POL1_"]
[20,"918101111S00","Lôžko pod obrubníky, krajníky, obruby z betónu tr. C 12/15","m3",{"v":3.3216,"d":"3.32160"},{"v":0,"d":"0.00"},{"$f":"ROUND(E33*F33,2)","v":{"v":0,"d":"0.00"}},{"v":0,"d":"0.00"},{"$f":"ROUND(E33*H33,2)","v":{"v":0,"d":"0.00"}},96.59,{"$f":"ROUND(E33*J33,2)","v":320.83},{"v":20,"d":"20.00"},{"$f":"G33*(1+L33/100)","v":{"v":0,"d":"0.00"}},{"v":2.36285,"d":"2.36"},{"$f":"ROUND(E33*N33,2)","v":7.85},{"v":0,"d":"0.00"},{"$f":"ROUND(E33*P33,2)","v":{"v":0,"d":"0.00"}},null,"ODIS","ODIS 14/3",{"v":1.442,"d":"1.44"},{"$f":"ROUND(E33*U33,2)","v":4.79},{"$nulls":10},"POL1_"]
[null,null,"55,36x0,3x0,2",null,3.3216,{"$nulls":27},"VV",0]
[21,"592173100S","Obrubník záhonový ABO 4-5 50x5x25","kus",{"v":112.9344,"d":"112.93440"},{"v":0,"d":"0.00"},{"$f":"ROUND(E35*F35,2)","v":{"v":0,"d":"0.00"}},{"v":2.5,"d":"2.50"},{"$f":"ROUND(E35*H35,2)","v":282.34},{"v":0,"d":"0.00"},{"$f":"ROUND(E35*J35,2)","v":{"v":0,"d":"0.00"}},{"v":20,"d":"20.00"},{"$f":"G35*(1+L35/100)","v":{"v":0,"d":"0.00"}},{"v":0.014,"d":"0.01"},{"$f":"ROUND(E35*N35,2)","v":1.58},{"v":0,"d":"0.00"},{"$f":"ROUND(E35*P35,2)","v":{"v":0,"d":"0.00"}},null,"ODIS","Indiv",{"v":0,"d":"0.00"},{"$f":"ROUND(E35*U35,2)","v":{"v":0,"d":"0.00"}},{"$nulls":10},"POL3_"]
[null,null,"(55,36x2)x1,02",null,112.9344,{"$nulls":27},"VV",0]
["Díl:","913","Detské hracie prvky",{"$nulls":3},{"v":0,"d":"0.00"},null,{"$f":"SUM(I38:I43)","v":{"v":6731,"d":"6,731.00"}},null,{"$f":"SUM(K38:K43)","v":{"v":0,"d":"0.00"}},null,{"$f":"SUM(M38:M43)","v":{"v":0,"d":"0.00"}},null,{"$f":"SUM(O38:O43)","v":{"v":0,"d":"0.00"}},null,{"$f":"SUM(Q38:Q43)","v":{"v":0,"d":"0.00"}},{"$nulls":4},{"$f":"SUM(V38:V43)","v":{"v":0,"d":"0.00"}},{"$nulls":10},"DIL"]
[22,"A600","Nerezový kolotoč min 1,60m (dodanie)","ks",{"v":1,"d":"1.00000"},{"v":0,"d":"0.00"},{"v":0,"d":"0.00"},{"v":979,"d":"979.00"},{"$f":"ROUND(E38*H38,2)","v":{"v":979,"d":"979.00"}},{"v":0,"d":"0.00"},{"$f":"ROUND(E38*J38,2)","v":{"v":0,"d":"0.00"}},{"v":20,"d":"20.00"},{"$f":"G38*(1+L38/100)","v":{"v":0,"d":"0.00"}},{"v":0,"d":"0.00"},{"$f":"ROUND(E38*N38,2)","v":{"v":0,"d":"0.00"}},{"v":0,"d":"0.00"},{"$f":"ROUND(E38*P38,2)","v":{"v":0,"d":"0.00"}},null,"Vlastní","Indiv",{"v":0,"d":"0.00"},{"$f":"ROUND(E38*U38,2)","v":{"v":0,"d":"0.00"}},{"$nulls":10},"POL12_0"]
[23,"A600M","Nerezový kolotoč 1,60m (montáž, stavebné práce)","ks",{"v":1,"d":"1.00000"},{"v":0,"d":"0.00"},{"v":0,"d":"0.00"},{"v":1182,"d":"1,182.00"},{"v":1182,"d":"1,182.00"},{"v":0,"d":"0.00"},{"v":0,"d":"0.00"},{"v":20,"d":"20.00"},{"v":0,"d":"0.00"},{"v":0,"d":"0.00"},{"v":0,"d":"0.00"},{"v":0,"d":"0.00"},{"v":0,"d":"0.00"},null,"Vlastní","Indiv",{"v":0,"d":"0.00"},{"v":0,"d":"0.00"},{"$nulls":10},"POL12_0"]
[24,"A100","Váhadlová hojdačka – prevažovadlo (dodanie)","ks",{"v":1,"d":"1.00000"},{"v":0,"d":"0.00"},{"v":0,"d":"0.00"},{"v":1182,"d":"1,182.00"},{"v":1182,"d":"1,182.00"},{"v":0,"d":"0.00"},{"v":0,"d":"0.00"},{"v":20,"d":"20.00"},{"v":0,"d":"0.00"},{"v":0,"d":"0.00"},{"v":0,"d":"0.00"},{"v":0,"d":"0.00"},{"v":0,"d":"0.00"},null,"Vlastní","Indiv",{"v":0,"d":"0.00"},{"v":0,"d":"0.00"},{"$nulls":10},"POL12_0"]
[25,"A100M","Váhadlová hojdačka – prevažovadlo (montáž, stavebné práce)","ks",{"v":1,"d":"1.00000"},{"v":0,"d":"0.00"},{"v":0,"d":"0.00"},{"v":1552,"d":"1,552.00"},{"v":1552,"d":"1,552.00"},{"v":0,"d":"0.00"},{"v":0,"d":"0.00"},{"v":20,"d":"20.00"},{"v":0,"d":"0.00"},{"v":0,"d":"0.00"},{"v":0,"d":"0.00"},{"v":0,"d":"0.00"},{"v":0,"d":"0.00"},null,"Vlastní","Indiv",{"v":0,"d":"0.00"},{"v":0,"d":"0.00"},{"$nulls":10},"POL12_0"]
[26,"A7508","Vežová zostava - šplhacia stena, šmýkľavka,  hojdačka, strieška, podlaha, nástupné plošiny, horizontálny rebrík, vertikálky rebrík (dodanie)","ks",{"v":1,"d":"1.00000"},{"v":0,"d":"0.00"},{"v":0,"d":"0.00"},{"v":1536,"d":"1,536.00"},{"v":1536,"d":"1,536.00"},{"v":0,"d":"0.00"},{"v":0,"d":"0.00"},{"v":20,"d":"20.00"},{"v":0,"d":"0.00"},{"v":0,"d":"0.00"},{"v":0,"d":"0.00"},{"v":0,"d":"0.00"},{"v":0,"d":"0.00"},null,"Vlastní","Indiv",{"v":0,"d":"0.00"},{"v":0,"d":"0.00"},{"$nulls":10},"POL12_0"]
[27,"A7508M","Vežová zostava (montáž, stavebné práce)","ks",{"v":1,"d":"1.00000"},{"v":0,"d":"0.00"},{"v":0,"d":"0.00"},{"v":300,"d":"300.00"},{"v":300,"d":"300.00"},{"v":0,"d":"0.00"},{"v":0,"d":"0.00"},{"v":20,"d":"20.00"},{"v":0,"d":"0.00"},{"v":0,"d":"0.00"},{"v":0,"d":"0.00"},{"v":0,"d":"0.00"},{"v":0,"d":"0.00"},null,"Vlastní","Indiv",{"v":0,"d":"0.00"},{"v":0,"d":"0.00"},{"$nulls":10},"POL12_0"]
[28,"A302","Pružinová hojdačka (dodanie)","ks",{"v":1,"d":"1.00000"},{"v":0,"d":"0.00"},{"v":0,"d":"0.00"}]
[29,"A302M","Pružinová hojdačka (montáž, stavebné práce)","ks",{"v":1,"d":"1.00000"},{"v":0,"d":"0.00"},{"v":0,"d":"0.00"}]
[null,null,"Nepomenovaný diel",{"$nulls":3},{"$f":"G47","v":{"v":0,"d":"0.00"}}]
[30,null,"Vymývaný riečny štrk frakcie 4-8mm bez prachu a hlinitých prímesí","m3",{"v":14.52,"d":"14.52000"},{"v":0,"d":"0.00"},{"$f":"ROUND(E47*F47,2)","v":{"v":0,"d":"0.00"}}]
["Díl:","99",{"$nulls":4},{"$f":"SUMIF(AG49:AG49,\"<>NOR\",G49:G49)","v":{"v":0,"d":"0.00"}},null,{"$f":"SUM(I49)","v":{"v":0,"d":"0.00"}},null,{"$f":"SUM(K49)","v":58.26},null,{"$f":"SUM(M49)","v":{"v":0,"d":"0.00"}},null,{"$f":"SUM(O49)","v":{"v":0,"d":"0.00"}},null,{"$f":"SUM(Q49)","v":{"v":0,"d":"0.00"}},{"$nulls":4},{"$f":"SUM(V49)","v":0.37},{"$nulls":10},"DIL"]
[31,"998225111S00","Presun hmôt pre pozemné komunikácie a plochy letísk, kryt živičný","t",23.30272,{"v":0,"d":"0.00"},{"$f":"ROUND(E49*F49,2)","v":{"v":0,"d":"0.00"}},{"v":0,"d":"0.00"},{"$f":"ROUND(E49*H49,2)","v":{"v":0,"d":"0.00"}},{"v":2.5,"d":"2.50"},{"$f":"ROUND(E49*J49,2)","v":58.26},{"v":20,"d":"20.00"},{"$f":"G49*(1+L49/100)","v":{"v":0,"d":"0.00"}},{"v":0,"d":"0.00"},{"$f":"ROUND(E49*N49,2)","v":{"v":0,"d":"0.00"}},{"v":0,"d":"0.00"},{"$f":"ROUND(E49*P49,2)","v":{"v":0,"d":"0.00"}},null,"ODIS","Indiv",{"v":0.0158,"d":"0.02"},{"$f":"ROUND(E49*U49,2)","v":0.37},{"$nulls":10},"POL7_"]
[{"$nulls":30},0,20]
[null,"Celkom bez DPH",{"$nulls":4},{"$f":"G10+G17+G20+G23+G29+G37+G48+G46","v":{"v":0,"d":"0.00"}},{"$nulls":23},{"$f":"SUMIF(L9:L49,AE50,G9:G49)","v":0},{"$f":"SUMIF(L9:L49,AF50,G9:G49)","v":0},"SUM"]
[null,"Celkom s DPH",{"$nulls":4},{"$f":"G51*1.2","v":{"v":0,"d":"0.00"}},{"$nulls":25},"END"]